| 000 | 00432nam a2200193Ia 4500 | ||
|---|---|---|---|
| 008 | 210210b1893 xxu||||| |||| 00| 0 eng d | ||
| 041 | _aeng | ||
| 082 | _a534/44 | ||
| 100 | _aGALZEBROOK (R T) | ||
| 245 | _aPhysical optics Ed 3 | ||
| 260 |
_aLondon _bLongman Green & Co Ltd., _c1893 |
||
| 300 | _aix,458 | ||
| 650 | _aPhysical | ||
| 650 | _aoptics | ||
| 650 | _aEd | ||
| 650 | _a3 | ||
| 690 | _aPhysics | ||
| 906 | _a008532 | ||
| 999 |
_c126450 _d126450 |
||